[Event "Benidorm Satellite preliminary"]
[Site "playchess.com #007036"]
[Date "2009.10.24"]
[Round "4"]
[White "Remco"]
[Black "Mau13"]
[Result "0-1"]
[WhiteElo "2328"]
[BlackElo "1865"]
[PlyCount "54"]
[EventDate "2009.10.24"]
[EventType "swiss (blitz)"]

1. e4 {[%emt 0:00:03]} d6 {[%emt 0:00:06]} 2. d4 {[%emt 0:00:02]} Nf6 {[%emt 0:
00:03]} 3. Nc3 {[%emt 0:00:01]} g6 {[%emt 0:00:04]} 4. f4 {[%emt 0:00:02]} Bg7
{[%emt 0:00:01]} 5. Nf3 {[%emt 0:00:01]} O-O {[%emt 0:00:01]} 6. Bd3 {[%emt 0:
00:03]} Bg4 {[%emt 0:00:03]} 7. e5 {[%emt 0:00:04]} Nfd7 {[%emt 0:00:02]} 8.
Ne4 {[%emt 0:00:17]} c5 {[%emt 0:00:06]} 9. c3 {[%emt 0:00:02]} Qb6 {[%emt 0:
00:10]} 10. h3 {[%emt 0:00:06]} Bxf3 {[%emt 0:00:07]} 11. Qxf3 {[%emt 0:00:00]}
cxd4 {[%emt 0:00:07]} 12. exd6 {[%emt 0:00:13]} exd6 {[%emt 0:00:02]} 13. c4 {
[%emt 0:00:14]} Nc5 {[%emt 0:00:06]} 14. O-O {[%emt 0:00:05]} Nxe4 {[%emt 0:00:
17]} 15. Bxe4 {[%emt 0:00:01]} Nc6 {[%emt 0:00:01]} 16. f5 {[%emt 0:00:05]} Ne5
{[%emt 0:00:02]} 17. Qg3 {[%emt 0:00:03]} Nxc4 {[%emt 0:00:36]} 18. f6 {[%emt
0:00:05]} Bh8 {[%emt 0:00:03]} 19. Bh6 {[%emt 0:00:03]} Rfe8 {[%emt 0:00:08]}
20. Bd5 {[%emt 0:00:40]} Ne3 {[%emt 0:00:17]} 21. Bxe3 {[%emt 0:00:04]} Rxe3 {
[%emt 0:00:09]} 22. Qg4 {[%emt 0:00:23]} Rae8 {[%emt 0:00:10]} 23. Qd7 {[%emt
0:00:14]} Rf8 {[%emt 0:00:20]} 24. Rac1 {[%emt 0:00:02]} d3 {[%emt 0:00:18]}
25. Qxf7+ {[%emt 0:00:06]} Rxf7 {[%emt 0:00:19]} 26. Rc8+ {[%emt 0:00:00]} Re8+
{[%emt 0:00:01]} 27. Kh1 {[%emt 0:00:07]} Rxc8 {[%emt 0:00:01] Remco resigns}
0-1

[Event "Benidorm Satellite preliminary"]
[Site "playchess.com #007036"]
[Date "2009.10.24"]
[Round "4"]
[White "Craigsholl66"]
[Black "Ajalcaide"]
[Result "0-1"]
[WhiteElo "1611"]
[BlackElo "1318"]
[PlyCount "94"]
[EventDate "2009.10.24"]
[EventType "swiss (blitz)"]

1. e4 {[%emt 0:00:02]} c5 {[%emt 0:00:01]} 2. Nf3 {[%emt 0:00:03]} d6 {[%emt 0:
00:01]} 3. Bb5+ {[%emt 0:00:01]} Bd7 {[%emt 0:00:05]} 4. Bxd7+ {[%emt 0:00:01]}
Nxd7 {[%emt 0:00:02]} 5. O-O {[%emt 0:00:01]} e6 {[%emt 0:00:05]} 6. Re1 {
[%emt 0:00:02]} e5 {[%emt 0:00:03]} 7. c3 {[%emt 0:00:01]} Ngf6 {[%emt 0:00:03]
} 8. d4 {[%emt 0:00:02]} b6 {[%emt 0:00:04]} 9. Bg5 {[%emt 0:00:05]} Be7 {
[%emt 0:00:06]} 10. Nbd2 {[%emt 0:00:02]} Rc8 {[%emt 0:00:02]} 11. Qa4 {[%emt
0:00:10]} a5 {[%emt 0:00:09]} 12. Qd1 {[%emt 0:00:09]} O-O {[%emt 0:00:02]} 13.
a4 {[%emt 0:00:09]} h6 {[%emt 0:00:13]} 14. Bxf6 {[%emt 0:00:07]} Nxf6 {[%emt
0:00:01]} 15. dxe5 {[%emt 0:00:18]} dxe5 {[%emt 0:00:06]} 16. Nxe5 {[%emt 0:00:
01]} Bd6 {[%emt 0:00:07]} 17. Ng4 {[%emt 0:00:09]} Re8 {[%emt 0:00:29]} 18.
Nxf6+ {[%emt 0:00:16]} Qxf6 {[%emt 0:00:02]} 19. Nc4 {[%emt 0:00:03]} Bc7 {
[%emt 0:00:08]} 20. e5 {[%emt 0:00:05]} Qf4 {[%emt 0:00:10]} 21. Nd6 {[%emt 0:
00:13]} Bxd6 {[%emt 0:00:02]} 22. exd6 {[%emt 0:00:03]} Rxe1+ {[%emt 0:00:06]}
23. Qxe1 {[%emt 0:00:02]} Qxd6 {[%emt 0:00:14]} 24. Rd1 {[%emt 0:00:02]} Qc7 {
[%emt 0:00:07]} 25. Qe4 {[%emt 0:00:03]} Kf8 {[%emt 0:00:09]} 26. Qd5 {[%emt 0:
00:02]} Ke8 {[%emt 0:00:21]} 27. Qd6 {[%emt 0:00:05]} Qxd6 {[%emt 0:00:03]} 28.
Rxd6 {[%emt 0:00:02]} Rb8 {[%emt 0:00:04]} 29. f4 {[%emt 0:00:04]} Ke7 {[%emt
0:00:04]} 30. Rc6 {[%emt 0:00:02]} f6 {[%emt 0:00:04]} 31. Rc7+ {[%emt 0:00:01]
} Kf8 {[%emt 0:00:05]} 32. g4 {[%emt 0:00:03]} g5 {[%emt 0:00:05]} 33. fxg5 {
[%emt 0:00:02]} fxg5 {[%emt 0:00:01]} 34. Kg2 {[%emt 0:00:01]} Ke8 {[%emt 0:00:
03]} 35. Rh7 {[%emt 0:00:03]} b5 {[%emt 0:00:06]} 36. axb5 {[%emt 0:00:01]}
Rxb5 {[%emt 0:00:01]} 37. Rxh6 {[%emt 0:00:01]} Rxb2+ {[%emt 0:00:01]} 38. Kg3
{[%emt 0:00:01]} Kd7 {[%emt 0:00:02]} 39. Rh7+ {[%emt 0:00:01]} Kc6 {[%emt 0:
00:04]} 40. Rg7 {[%emt 0:00:01]} Rb3 {[%emt 0:00:01]} 41. Kf2 {[%emt 0:00:02]}
Rxc3 {[%emt 0:00:01]} 42. Rxg5 {[%emt 0:00:01]} a4 {[%emt 0:00:00]} 43. Rg6+ {
[%emt 0:00:01]} Kb5 {[%emt 0:00:02]} 44. g5 {[%emt 0:00:02]} a3 {[%emt 0:00:01]
} 45. Rg8 {[%emt 0:00:01]} a2 {[%emt 0:00:00]} 46. g6 {[%emt 0:00:00]} a1=Q {
[%emt 0:00:01]} 47. g7 {[%emt 0:00:00]} Qa2+ {[%emt 0:00:01] Craigsholl66
resigns} 0-1

[Event "Benidorm Satellite preliminary"]
[Site "playchess.com #007036"]
[Date "2009.10.24"]
[Round "4"]
[White "XxHUTIxx"]
[Black "Jahhaj"]
[Result "1-0"]
[WhiteElo "1677"]
[BlackElo "1914"]
[PlyCount "55"]
[EventDate "2009.10.24"]
[EventType "swiss (blitz)"]

1. e4 {[%emt 0:00:27]} e6 {[%emt 0:00:03]} 2. d4 {[%emt 0:00:02]} d5 {[%emt 0:
00:01]} 3. Nd2 {[%emt 0:00:00]} c5 {[%emt 0:00:03]} 4. exd5 {[%emt 0:00:04]}
Qxd5 {[%emt 0:00:01]} 5. Ngf3 {[%emt 0:00:02]} cxd4 {[%emt 0:00:02]} 6. Bc4 {
[%emt 0:00:02]} Qd6 {[%emt 0:00:01]} 7. Nb3 {[%emt 0:00:02]} Qb4+ {[%emt 0:00:
05]} 8. Nbd2 {[%emt 0:00:10]} Nc6 {[%emt 0:00:01]} 9. O-O {[%emt 0:00:04]} Nf6
{[%emt 0:00:03]} 10. a3 {[%emt 0:00:03]} Qb6 {[%emt 0:00:03]} 11. Nb3 {[%emt 0:
00:02]} Bc5 {[%emt 0:00:12]} 12. Bd2 {[%emt 0:00:11]} O-O {[%emt 0:00:08]} 13.
Bd3 {[%emt 0:00:06]} e5 {[%emt 0:00:10]} 14. Re1 {[%emt 0:00:06]} Re8 {[%emt 0:
00:13]} 15. Ng5 {[%emt 0:00:12]} h6 {[%emt 0:00:15]} 16. Ne4 {[%emt 0:00:03]}
Nxe4 {[%emt 0:00:01]} 17. Bxe4 {[%emt 0:00:04]} Bd6 {[%emt 0:00:11]} 18. Qf3 {
[%emt 0:00:12]} Be6 {[%emt 0:00:07]} 19. Rac1 {[%emt 0:00:17]} Rad8 {[%emt 0:
00:20]} 20. Bd3 {[%emt 0:00:08]} Ne7 {[%emt 0:00:20]} 21. Ba5 {[%emt 0:00:04]}
Qc6 {[%emt 0:00:16]} 22. Qxc6 {[%emt 0:00:03]} bxc6 {[%emt 0:00:03]} 23. Bxd8 {
[%emt 0:00:04]} Rxd8 {[%emt 0:00:00]} 24. c3 {[%emt 0:00:02]} c5 {[%emt 0:00:
02]} 25. Nd2 {[%emt 0:00:11]} Nd5 {[%emt 0:00:08]} 26. cxd4 {[%emt 0:00:06]}
cxd4 {[%emt 0:00:12]} 27. Nc4 {[%emt 0:00:02]} Bb8 {[%emt 0:00:03]} 28. Nxe5 {
[%emt 0:00:02] Jahhaj resigns} 1-0

[Event "Benidorm Satellite preliminary"]
[Site "playchess.com #007036"]
[Date "2009.10.24"]
[Round "4"]
[White "Heinz53"]
[Black "MichelS"]
[Result "1-0"]
[WhiteElo "1636"]
[BlackElo "1819"]
[PlyCount "83"]
[EventDate "2009.10.24"]
[EventType "swiss (blitz)"]

1. e4 {[%emt 0:00:01]} e5 {[%emt 0:00:02]} 2. d4 {[%emt 0:00:01]} exd4 {[%emt
0:00:02]} 3. c3 {[%emt 0:00:00]} d5 {[%emt 0:00:01]} 4. Qxd4 {[%emt 0:00:02]}
dxe4 {[%emt 0:00:04]} 5. Qxe4+ {[%emt 0:00:01]} Qe7 {[%emt 0:00:02]} 6. Qxe7+ {
[%emt 0:00:01]} Bxe7 {[%emt 0:00:03]} 7. Nf3 {[%emt 0:00:00]} Nf6 {[%emt 0:00:
02]} 8. Bc4 {[%emt 0:00:00]} O-O {[%emt 0:00:01]} 9. O-O {[%emt 0:00:01]} Nc6 {
[%emt 0:00:07]} 10. Bg5 {[%emt 0:00:02]} h6 {[%emt 0:00:02]} 11. Bh4 {[%emt 0:
00:01]} Bg4 {[%emt 0:00:03]} 12. Nd4 {[%emt 0:00:18]} Nxd4 {[%emt 0:00:04]} 13.
cxd4 {[%emt 0:00:01]} Rad8 {[%emt 0:00:02]} 14. f3 {[%emt 0:00:09]} Rxd4 {
[%emt 0:00:09]} 15. Bxf7+ {[%emt 0:00:02]} Rxf7 {[%emt 0:00:04]} 16. fxg4 {
[%emt 0:00:01]} Rxg4 {[%emt 0:00:10]} 17. Bg3 {[%emt 0:00:06]} Bc5+ {[%emt 0:
00:10]} 18. Kh1 {[%emt 0:00:02]} Ne4 {[%emt 0:00:08]} 19. Rxf7 {[%emt 0:00:02]}
Kxf7 {[%emt 0:00:17]} 20. Be1 {[%emt 0:00:07]} Rf4 {[%emt 0:00:13]} 21. Nd2 {
[%emt 0:00:09]} Nd6 {[%emt 0:00:43]} 22. Bg3 {[%emt 0:00:13]} Rd4 {[%emt 0:00:
03]} 23. Nb3 {[%emt 0:00:03]} Rd5 {[%emt 0:00:03]} 24. Rc1 {[%emt 0:00:04]} Bb6
{[%emt 0:00:02]} 25. h3 {[%emt 0:00:07]} c6 {[%emt 0:00:04]} 26. Rf1+ {[%emt 0:
00:24]} Kg6 {[%emt 0:00:04]} 27. Rf4 {[%emt 0:00:11]} Nf5 {[%emt 0:00:05]} 28.
Rg4+ {[%emt 0:00:04]} Kf6 {[%emt 0:00:01]} 29. Rf4 {[%emt 0:00:06]} g5 {[%emt
0:00:03]} 30. Rf3 {[%emt 0:00:01]} Kg6 {[%emt 0:00:02]} 31. Bf2 {[%emt 0:00:05]
} Rd1+ {[%emt 0:00:06]} 32. Kh2 {[%emt 0:00:03]} Bc7+ {[%emt 0:00:01]} 33. g3 {
[%emt 0:00:01]} b6 {[%emt 0:00:04]} 34. Kg2 {[%emt 0:00:20]} h5 {[%emt 0:00:03]
} 35. a3 {[%emt 0:00:06]} c5 {[%emt 0:00:02]} 36. a4 {[%emt 0:00:07]} g4 {
[%emt 0:00:02]} 37. hxg4 {[%emt 0:00:03]} hxg4 {[%emt 0:00:01]} 38. Rc3 {[%emt
0:00:02]} Rb1 {[%emt 0:00:06]} 39. Rc2 {[%emt 0:00:06]} Be5 {[%emt 0:00:03]}
40. Nd2 {[%emt 0:00:09]} Bxb2 {[%emt 0:00:03]} 41. Nxb1 {[%emt 0:00:01]} Be5 {
[%emt 0:00:02]} 42. a5 {[%emt 0:00:03] MichelS abandonne} 1-0

[Event "Benidorm Satellite preliminary"]
[Site "playchess.com #007036"]
[Date "2009.10.24"]
[Round "4"]
[White "chess-vador"]
[Black "Beckhambauer"]
[Result "1-0"]
[WhiteElo "1783"]
[BlackElo "1576"]
[PlyCount "55"]
[EventDate "2009.10.24"]
[EventType "swiss (blitz)"]

1. d4 {[%emt 0:00:03]} Nf6 {[%emt 0:00:02]} 2. Nf3 {[%emt 0:00:03]} g6 {[%emt
0:00:03]} 3. c4 {[%emt 0:00:02]} c5 {[%emt 0:00:02]} 4. g3 {[%emt 0:00:03]}
cxd4 {[%emt 0:00:02]} 5. Nxd4 {[%emt 0:00:02]} d6 {[%emt 0:00:01]} 6. Bg2 {
[%emt 0:00:02]} Bg7 {[%emt 0:00:02]} 7. Nc3 {[%emt 0:00:01]} a6 {[%emt 0:00:13]
} 8. O-O {[%emt 0:00:02]} O-O {[%emt 0:00:03]} 9. b3 {[%emt 0:00:03]} Qc7 {
[%emt 0:00:01]} 10. Bb2 {[%emt 0:00:03]} Nc6 {[%emt 0:00:01]} 11. Nd5 {[%emt 0:
00:09]} Nxd5 {[%emt 0:00:06]} 12. cxd5 {[%emt 0:00:06]} Ne5 {[%emt 0:00:18]}
13. Rc1 {[%emt 0:00:19]} Qb6 {[%emt 0:00:07]} 14. e4 {[%emt 0:00:09]} Bg4 {
[%emt 0:00:20]} 15. Qd2 {[%emt 0:00:06]} Rac8 {[%emt 0:00:20]} 16. h3 {[%emt 0:
00:01]} Rxc1 {[%emt 0:00:13]} 17. Rxc1 {[%emt 0:00:01]} Bc8 {[%emt 0:00:01]}
18. Kh2 {[%emt 0:00:09]} Nd7 {[%emt 0:00:03]} 19. f4 {[%emt 0:00:31]} Nc5 {
[%emt 0:00:03]} 20. Ba1 {[%emt 0:00:16]} Bd7 {[%emt 0:00:07]} 21. b4 {[%emt 0:
00:06]} Na4 {[%emt 0:00:04]} 22. a3 {[%emt 0:00:13]} e5 {[%emt 0:00:22]} 23.
dxe6 {[%emt 0:00:13]} fxe6 {[%emt 0:00:08]} 24. Nb3 {[%emt 0:00:29]} e5 {[%emt
0:00:06]} 25. Qd5+ {[%emt 0:00:07]} Kh8 {[%emt 0:00:03]} 26. Rd1 {[%emt 0:00:
01]} Bc6 {[%emt 0:00:24]} 27. Qxd6 {[%emt 0:00:03]} exf4 {[%emt 0:00:19]} 28.
Qxf8# {[%emt 0:00:03]} 1-0

[Event "Benidorm Satellite preliminary"]
[Site "playchess.com #007036"]
[Date "2009.10.24"]
[Round "4"]
[White "Casellina"]
[Black "Rpughiii"]
[Result "1/2-1/2"]
[WhiteElo "1558"]
[BlackElo "1312"]
[PlyCount "78"]
[EventDate "2009.10.24"]
[EventType "swiss (blitz)"]

1. e4 {[%emt 0:00:01]} e5 {[%emt 0:00:03]} 2. Nf3 {[%emt 0:00:01]} Nc6 {[%emt
0:00:02]} 3. Bc4 {[%emt 0:00:02]} Bc5 {[%emt 0:00:02]} 4. O-O {[%emt 0:00:02]}
Nf6 {[%emt 0:00:03]} 5. d4 {[%emt 0:00:04]} Bxd4 {[%emt 0:00:15]} 6. Nxd4 {
[%emt 0:00:02]} Nxd4 {[%emt 0:00:04]} 7. Bg5 {[%emt 0:00:17]} O-O {[%emt 0:00:
04]} 8. f4 {[%emt 0:00:06]} d6 {[%emt 0:00:05]} 9. c3 {[%emt 0:00:27]} Ne6 {
[%emt 0:00:06]} 10. Bxe6 {[%emt 0:00:23]} fxe6 {[%emt 0:00:04]} 11. Nd2 {[%emt
0:00:15]} c6 {[%emt 0:00:13]} 12. Qe2 {[%emt 0:00:18]} exf4 {[%emt 0:00:02]}
13. Rxf4 {[%emt 0:00:31]} e5 {[%emt 0:00:02]} 14. Rf2 {[%emt 0:00:10]} Be6 {
[%emt 0:00:03]} 15. Raf1 {[%emt 0:00:06]} Qb6 {[%emt 0:00:12]} 16. Nc4 {[%emt
0:00:14]} Bxc4 {[%emt 0:00:10]} 17. Qxc4+ {[%emt 0:00:02]} Kh8 {[%emt 0:00:05]}
18. Bxf6 {[%emt 0:00:17]} Rxf6 {[%emt 0:00:04]} 19. Qe2 {[%emt 0:00:10]} Raf8 {
[%emt 0:00:03]} 20. g3 {[%emt 0:00:07]} d5 {[%emt 0:00:19] '} 21. exd5 {[%emt
0:00:02]} cxd5 {[%emt 0:00:01]} 22. Kg2 {[%emt 0:00:01]} Rxf2+ {[%emt 0:00:07]}
23. Rxf2 {[%emt 0:00:01]} Rxf2+ {[%emt 0:00:02]} 24. Qxf2 {[%emt 0:00:01]}
Qxf2+ {[%emt 0:00:01]} 25. Kxf2 {[%emt 0:00:01]} Kg8 {[%emt 0:00:01]} 26. Ke3 {
[%emt 0:00:01]} Kf7 {[%emt 0:00:00]} 27. b4 {[%emt 0:00:02]} Ke6 {[%emt 0:00:
01]} 28. a4 {[%emt 0:00:02]} b6 {[%emt 0:00:03]} 29. b5 {[%emt 0:00:03]} g5 {
[%emt 0:00:05]} 30. g4 {[%emt 0:00:02]} h6 {[%emt 0:00:02]} 31. Kd3 {[%emt 0:
00:05]} Kf6 {[%emt 0:00:03]} 32. c4 {[%emt 0:00:02]} e4+ {[%emt 0:00:09]} 33.
Kd4 {[%emt 0:00:02]} dxc4 {[%emt 0:00:02]} 34. Kxc4 {[%emt 0:00:01]} e3 {[%emt
0:00:01]} 35. Kd3 {[%emt 0:00:01]} e2 {[%emt 0:00:01]} 36. Kxe2 {[%emt 0:00:01]
} Ke5 {[%emt 0:00:02]} 37. Ke3 {[%emt 0:00:01]} Kd5 {[%emt 0:00:02]} 38. Kd3 {
[%emt 0:00:01]} Kc5 {[%emt 0:00:01]} 39. Kc3 {[%emt 0:00:01] Rpughiii offers a
draw} Kd5 {[%emt 0:00:05]} 1/2-1/2

[Event "Benidorm Satellite preliminary"]
[Site "playchess.com #007036"]
[Date "2009.10.24"]
[Round "4"]
[White "Dolorian"]
[Black "sabla"]
[Result "1-0"]
[WhiteElo "1489"]
[BlackElo "1762"]
[PlyCount "93"]
[EventDate "2009.10.24"]
[EventType "swiss (blitz)"]

1. e4 {[%emt 0:00:03]} Nc6 {[%emt 0:00:01]} 2. Nc3 {[%emt 0:00:04]} Nf6 {[%emt
0:00:02]} 3. f4 {[%emt 0:00:04]} d5 {[%emt 0:00:02]} 4. e5 {[%emt 0:00:14]} Ng4
{[%emt 0:00:02]} 5. h3 {[%emt 0:00:08]} Nh6 {[%emt 0:00:01]} 6. Nf3 {[%emt 0:
00:04]} d4 {[%emt 0:00:02]} 7. Ne4 {[%emt 0:00:07]} Qd5 {[%emt 0:00:04]} 8. d3
{[%emt 0:00:15]} Bf5 {[%emt 0:00:01]} 9. Qe2 {[%emt 0:00:02]} Bxe4 {[%emt 0:00:
09]} 10. dxe4 {[%emt 0:00:07]} Qc5 {[%emt 0:00:06]} 11. b3 {[%emt 0:00:24]} Nb4
{[%emt 0:00:03]} 12. Qb5+ {[%emt 0:00:16]} Qxb5 {[%emt 0:00:02]} 13. Bxb5+ {
[%emt 0:00:02]} c6 {[%emt 0:00:01]} 14. Bd3 {[%emt 0:00:01]} Nxd3+ {[%emt 0:00:
07]} 15. cxd3 {[%emt 0:00:01]} e6 {[%emt 0:00:02]} 16. Ke2 {[%emt 0:00:10]}
O-O-O {[%emt 0:00:02]} 17. Bb2 {[%emt 0:00:04]} Bc5 {[%emt 0:00:05]} 18. Rac1 {
[%emt 0:00:06]} Bb6 {[%emt 0:00:01]} 19. Rc4 {[%emt 0:00:05]} c5 {[%emt 0:00:
08]} 20. Ba3 {[%emt 0:00:10]} Kb8 {[%emt 0:00:05]} 21. Bxc5 {[%emt 0:00:02]}
Bxc5 {[%emt 0:00:05]} 22. Rxc5 {[%emt 0:00:02]} Rd7 {[%emt 0:00:04]} 23. Rhc1 {
[%emt 0:00:03]} Rhd8 {[%emt 0:00:02]} 24. a4 {[%emt 0:00:07]} Ng8 {[%emt 0:00:
02]} 25. g4 {[%emt 0:00:14]} h6 {[%emt 0:00:01]} 26. h4 {[%emt 0:00:02]} Ne7 {
[%emt 0:00:01]} 27. b4 {[%emt 0:00:02]} Nc6 {[%emt 0:00:06]} 28. R1c4 {[%emt 0:
00:08]} a5 {[%emt 0:00:05]} 29. bxa5 {[%emt 0:00:07]} f6 {[%emt 0:00:07]} 30.
Rb5 {[%emt 0:00:04]} Ka7 {[%emt 0:00:03]} 31. Rcc5 {[%emt 0:00:09]} fxe5 {
[%emt 0:00:01]} 32. Nxe5 {[%emt 0:00:03]} Nxe5 {[%emt 0:00:05]} 33. Rxe5 {
[%emt 0:00:01]} Rd6 {[%emt 0:00:01]} 34. Rec5 {[%emt 0:00:08]} R8d7 {[%emt 0:
00:04]} 35. Rc8 {[%emt 0:00:05]} Rf7 {[%emt 0:00:02]} 36. Kf3 {[%emt 0:00:04]}
Rc6 {[%emt 0:00:13]} 37. a6 {[%emt 0:00:04]} Rxa6 {[%emt 0:00:07]} 38. Re5 {
[%emt 0:00:11]} Rd6 {[%emt 0:00:10]} 39. Re8 {[%emt 0:00:03]} Rf6 {[%emt 0:00:
02]} 40. Ra5+ {[%emt 0:00:01]} Kb6 {[%emt 0:00:02]} 41. Rea8 {[%emt 0:00:01]}
Rc6 {[%emt 0:00:06]} 42. Rb5+ {[%emt 0:00:00]} Kc7 {[%emt 0:00:01]} 43. a5 {
[%emt 0:00:01]} Rc1 {[%emt 0:00:02]} 44. Rg8 {[%emt 0:00:00]} g6 {[%emt 0:00:
03]} 45. Rg7+ {[%emt 0:00:01]} Kd6 {[%emt 0:00:01]} 46. Rb6+ {[%emt 0:00:00]}
Kc5 {[%emt 0:00:01]} 47. Rc7# {[%emt 0:00:01]} 1-0

[Event "Benidorm Satellite preliminary"]
[Site "playchess.com #007036"]
[Date "2009.10.24"]
[Round "4"]
[White "Fighterknight"]
[Black "Wun2"]
[Result "1/2-1/2"]
[WhiteElo "2296"]
[BlackElo "1835"]
[PlyCount "89"]
[EventDate "2009.10.24"]
[EventType "swiss (blitz)"]

1. e4 {[%emt 0:00:02]} e6 {[%emt 0:00:01]} 2. d4 {[%emt 0:00:11]} d5 {[%emt 0:
00:01]} 3. Nc3 {[%emt 0:00:02]} Nf6 {[%emt 0:00:02]} 4. e5 {[%emt 0:00:01]}
Nfd7 {[%emt 0:00:01]} 5. f4 {[%emt 0:00:01]} c5 {[%emt 0:00:01]} 6. Nf3 {[%emt
0:00:01]} Nc6 {[%emt 0:00:01]} 7. Be3 {[%emt 0:00:01]} Be7 {[%emt 0:00:01]} 8.
Qd2 {[%emt 0:00:01]} O-O {[%emt 0:00:02]} 9. Qf2 {[%emt 0:00:02]} a6 {[%emt 0:
00:07]} 10. Bd3 {[%emt 0:00:02]} b5 {[%emt 0:00:05]} 11. O-O {[%emt 0:00:02]}
cxd4 {[%emt 0:00:05]} 12. Nxd4 {[%emt 0:00:03]} Nxd4 {[%emt 0:00:02]} 13. Bxd4
{[%emt 0:00:01]} Qc7 {[%emt 0:00:02]} 14. Ne2 {[%emt 0:00:02]} Nc5 {[%emt 0:00:
03]} 15. Bxc5 {[%emt 0:00:14]} Bxc5 {[%emt 0:00:02]} 16. Nd4 {[%emt 0:00:01]}
Qb6 {[%emt 0:00:05]} 17. c3 {[%emt 0:00:01]} Bd7 {[%emt 0:00:10]} 18. Rad1 {
[%emt 0:00:02]} Rac8 {[%emt 0:00:06]} 19. Bb1 {[%emt 0:00:19]} Bxd4 {[%emt 0:
00:10]} 20. cxd4 {[%emt 0:00:00]} g6 {[%emt 0:00:05]} 21. Qd2 {[%emt 0:00:09]}
Rc4 {[%emt 0:00:02]} 22. b3 {[%emt 0:00:03]} Rc7 {[%emt 0:00:05]} 23. Rc1 {
[%emt 0:00:25]} Rfc8 {[%emt 0:00:02]} 24. Rxc7 {[%emt 0:00:00]} Qxc7 {[%emt 0:
00:02]} 25. Kf2 {[%emt 0:00:08]} Qc3 {[%emt 0:00:04]} 26. Qxc3 {[%emt 0:00:04]}
Rxc3 {[%emt 0:00:00]} 27. Ke2 {[%emt 0:00:02]} b4 {[%emt 0:00:03]} 28. Kd2 {
[%emt 0:00:02]} Bb5 {[%emt 0:00:13]} 29. Rc1 {[%emt 0:00:01]} Rxc1 {[%emt 0:00:
01]} 30. Kxc1 {[%emt 0:00:00]} Kf8 {[%emt 0:00:02]} 31. Kd2 {[%emt 0:00:01]}
Ke7 {[%emt 0:00:04]} 32. Ke3 {[%emt 0:00:03]} f6 {[%emt 0:00:02]} 33. Kf3 {
[%emt 0:00:11]} f5 {[%emt 0:00:17] Wun2 bietet Remis} 34. Ke3 {[%emt 0:00:16]}
h5 {[%emt 0:00:11]} 35. Bc2 {[%emt 0:00:10]} Bf1 {[%emt 0:00:05]} 36. Kf2 {
[%emt 0:00:38]} Bb5 {[%emt 0:00:02]} 37. Kf3 {[%emt 0:00:04]} a5 {[%emt 0:00:
05]} 38. h3 {[%emt 0:00:02]} Bf1 {[%emt 0:00:11]} 39. Kf2 {[%emt 0:00:03]} Bb5
{[%emt 0:00:02]} 40. g4 {[%emt 0:00:03]} hxg4 {[%emt 0:00:01]} 41. hxg4 {[%emt
0:00:00]} Kf7 {[%emt 0:00:09]} 42. Kg3 {[%emt 0:00:03]} Be2 {[%emt 0:00:02]}
43. gxf5 {[%emt 0:00:04]} gxf5 {[%emt 0:00:02]} 44. Kh4 {[%emt 0:00:01]} Kg6 {
[%emt 0:00:03]} 45. Bb1 {[%emt 0:00:06] Fighterknight offers a draw} 1/2-1/2

[Event "Benidorm Satellite preliminary"]
[Site "playchess.com #007036"]
[Date "2009.10.24"]
[Round "4"]
[White "Enfanterrible"]
[Black "Juraldo"]
[Result "1/2-1/2"]
[WhiteElo "2574"]
[BlackElo "2671"]
[PlyCount "100"]
[EventDate "2009.10.24"]
[EventType "swiss (blitz)"]

1. d4 {[%emt 0:00:01]} Nf6 {[%emt 0:00:00]} 2. c4 {[%emt 0:00:01]} e6 {[%emt 0:
00:04]} 3. Nf3 {[%emt 0:00:02]} b6 {[%emt 0:00:01]} 4. g3 {[%emt 0:00:01]} Ba6
{[%emt 0:00:01]} 5. b3 {[%emt 0:00:00]} Bb4+ {[%emt 0:00:02]} 6. Bd2 {[%emt 0:
00:01]} Be7 {[%emt 0:00:01]} 7. Bg2 {[%emt 0:00:01]} c6 {[%emt 0:00:01]} 8. O-O
{[%emt 0:00:03]} d5 {[%emt 0:00:01]} 9. Qc2 {[%emt 0:00:11]} Nbd7 {[%emt 0:00:
06]} 10. a4 {[%emt 0:00:35]} O-O {[%emt 0:00:13]} 11. a5 {[%emt 0:00:06]} c5 {
[%emt 0:00:12]} 12. axb6 {[%emt 0:00:06]} axb6 {[%emt 0:00:03]} 13. dxc5 {
[%emt 0:00:13]} Bxc5 {[%emt 0:00:09]} 14. Bf4 {[%emt 0:00:47]} h6 {[%emt 0:00:
43]} 15. Nbd2 {[%emt 0:00:46]} g5 {[%emt 0:00:03]} 16. Be5 {[%emt 0:00:03]}
Nxe5 {[%emt 0:00:01]} 17. Nxe5 {[%emt 0:00:01]} Qc7 {[%emt 0:00:01]} 18. Nd3 {
[%emt 0:00:23]} Bb7 {[%emt 0:00:08]} 19. Rad1 {[%emt 0:00:01]} dxc4 {[%emt 0:
00:06]} 20. Nxc4 {[%emt 0:00:01]} Bxg2 {[%emt 0:00:09]} 21. Kxg2 {[%emt 0:00:
00]} Rac8 {[%emt 0:00:02]} 22. Nxc5 {[%emt 0:00:01]} Qxc5 {[%emt 0:00:01]} 23.
Qd2 {[%emt 0:00:01]} b5 {[%emt 0:00:14]} 24. Ne3 {[%emt 0:00:01]} Ne4 {[%emt 0:
00:04]} 25. Qd4 {[%emt 0:00:01]} Qc6 {[%emt 0:00:06]} 26. f3 {[%emt 0:00:01]}
Nc3 {[%emt 0:00:02]} 27. Rd2 {[%emt 0:00:01]} Qc5 {[%emt 0:00:06]} 28. Qxc5 {
[%emt 0:00:01]} Rxc5 {[%emt 0:00:00]} 29. Rc1 {[%emt 0:00:01]} b4 {[%emt 0:00:
03]} 30. Nc4 {[%emt 0:00:01]} Nd5 {[%emt 0:00:02]} 31. e4 {[%emt 0:00:00]} Ne3+
{[%emt 0:00:01]} 32. Kf2 {[%emt 0:00:02]} Nxc4 {[%emt 0:00:01]} 33. Rxc4 {
[%emt 0:00:01]} Rxc4 {[%emt 0:00:01]} 34. bxc4 {[%emt 0:00:00]} Rc8 {[%emt 0:
00:03]} 35. Rc2 {[%emt 0:00:01]} b3 {[%emt 0:00:05]} 36. Rb2 {[%emt 0:00:01]}
Rxc4 {[%emt 0:00:00]} 37. Rxb3 {[%emt 0:00:00]} Rc2+ {[%emt 0:00:00]} 38. Kg1 {
[%emt 0:00:00]} Kg7 {[%emt 0:00:01]} 39. Rb1 {[%emt 0:00:01]} Kf6 {[%emt 0:00:
01]} 40. Rf1 {[%emt 0:00:00]} Ke5 {[%emt 0:00:01]} 41. Rf2 {[%emt 0:00:00]}
Rxf2 {[%emt 0:00:08]} 42. Kxf2 {[%emt 0:00:01]} Kd4 {[%emt 0:00:01]} 43. Ke2 {
[%emt 0:00:02]} f5 {[%emt 0:00:06]} 44. exf5 {[%emt 0:00:01]} exf5 {[%emt 0:00:
00]} 45. h3 {[%emt 0:00:01]} f4 {[%emt 0:00:02]} 46. gxf4 {[%emt 0:00:03]} gxf4
{[%emt 0:00:01]} 47. Kd2 {[%emt 0:00:00]} Kc4 {[%emt 0:00:02]} 48. Kc2 {[%emt
0:00:01]} h5 {[%emt 0:00:03]} 49. h4 {[%emt 0:00:01]} Kd4 {[%emt 0:00:01]} 50.
Kd2 {[%emt 0:00:00] Juraldo offers a draw} Kc4 {[%emt 0:00:03]} 1/2-1/2